| 000 | 00363nam a22001217a 4500 | ||
|---|---|---|---|
| 082 |
_a344.5491046 _bFAI |
||
| 100 | _aFaizan Mian Ali | ||
| 245 |
_aCompendium of Environmental Laws in Pakistan/ _cMian Ali Faizan |
||
| 260 |
_aLahore, _bAl-Syed Law Book House _c2021. |
||
| 300 |
_a220, p. _c25,cm. |
||
| 650 |
_aEnvironmental Laws _9127986 |
||
| 942 |
_2ddc _cBK |
||
| 999 |
_c612979 _d612979 |
||